00327nam a2200121Ia 4500008004100000020002200041041000800063082002700071100001400098245004800112260003600160300000900196230519s9999 xx 000 0 und d a978-93-81390-56-6 aeng aPS/610.7365/GUP/DB0124 aGupta Ram aExamination Master in Mental Health Nursing bS Vikas and CoaJalandharc2012 a263p